Ciencias biológicas 4

Gespeichert in:
Bibliographische Detailangaben
1. Verfasser: Audesirk, Teresa
Weitere Verfasser: Audesirk, Gerald, Byers, Bruce E
Format: Buch
Sprache:Spanisch
Veröffentlicht: Santiago Pearson Educación 2009
Schlagworte:
Tags: Tag hinzufügen
Keine Tags, Fügen Sie den ersten Tag hinzu!

MARC

LEADER 00000nam a2200000 a 4500
001 UCH4858
003 CL-VaPUC
005 20250424171450.0
008 090910e20090000CL |||||||||||||||||spa|d
999 |c 336110  |d 336108 
020 |a 9789567983483 
040 |c Pontificia Universidad Católica de Valparaíso 
082 0 4 |a 570.712 AUD 2009  |2 21 
100 0 |a Audesirk, Teresa  |9 540827 
245 1 0 |a Ciencias biológicas 4 
260 |a Santiago  |b Pearson Educación  |c 2009 
300 |a 176 páginas 
583 |a last modification  |c 20090910 00:00:00  |k Rodrigo Vera 
650 0 |a Genética  |9 259443 
650 7 |a PROTEINAS  |2 CL-VaPUC  |9 540830 
650 0 |a Biotecnología   |9 259561 
650 0 |a Microbiología   |9 259706 
650 0 |a Bacterias  |9 298237 
650 0 |a Inmunología  |9 329894 
650 0 |a Antibióticos  |9 263034 
650 0 |a Enfermedades contagiosas  |9 392544 
650 0 |a Demografía   |9 260008 
700 0 |a Audesirk, Gerald  |9 540828 
700 0 |a Byers, Bruce E  |9 540829 
942 |c BK  |2 ddc 
945 |d 20090910 00:00:00  |a rbrito